Munkácsy Mihály festői világáról
Elmentve itt :
| Szerző: | |
|---|---|
| Adatforrás: | Meister |
| Forrásdokumentuma: | Művelődés. - 1 sz., 1998, 24-28 p. |
| Nyelv: | magyar |
| Kulcsszavak: | művészettörténet MUNKÁCSY Mihály |
| LEADER | 00382nab a2200133 i 4500 | ||
|---|---|---|---|
| 001 | bibPRO00001397 | ||
| 008 | 060524s1998 xx hun | ||
| 040 | |a Sz1 | ||
| 041 | |a hun | ||
| 100 | 1 | |a KÜRTI SZ. Katalin | |
| 245 | 1 | 0 | |a Munkácsy Mihály festői világáról |c KÜRTI SZ. Katalin |
| 695 | |a művészettörténet | ||
| 695 | |a MUNKÁCSY Mihály | ||
| 773 | 0 | |t Művelődés. - |g 1 sz., 1998, 24-28 p. | |